Central Library OPAC University of Rajshahi

The Constitution of India / (Record no. 8295)

MARC details
000 -LEADER
fixed length control field 00634nam a22002292a 4500
001 - CONTROL NUMBER
control field 8295
003 - CONTROL NUMBER IDENTIFIER
rucl marc code UkOxU
005 - DATE AND TIME OF LATEST TRANSACTION
control field 20211208234547.0
008 - FIXED-LENGTH DATA ELEMENTS--GENERAL INFORMATION
fixed length control field 180114s1966 enk 000 0 eng d
035 ## - SYSTEM CONTROL NUMBER
System control number OCLC ocm05145460 from D951213M
040 ## - CATALOGING SOURCE
Original cataloging agency DLC
Transcribing agency XFM
Modifying agency UKM
-- EQO
Language of cataloging eng
041 ## - LANGUAGE CODE
Language code of text/sound track or separate title eng
082 ## - DEWEY DECIMAL CLASSIFICATION NUMBER
Classification number 342.54
Author mark and year JOC 1966
100 1# - MAIN ENTRY--PERSONAL NAME
Personal name Joshi, G. N.
Fuller form of name (Gulabbhai Naranji)
9 (RLIN) 25866
245 14 - TITLE STATEMENT
Title The Constitution of India /
Statement of responsibility, etc. G. N. Joshi
250 ## - EDITION STATEMENT
Edition statement 5th ed.
260 ## - PUBLICATION, DISTRIBUTION, ETC. (IMPRINT)
Place of publication, distribution, etc. London :
Name of publisher, distributor, etc. Macmillan,
Date of publication, distribution, etc. 1966
300 ## - PHYSICAL DESCRIPTION
Pagination xxvi, 507 p. ;
Size 19 cm
650 #0 - SUBJECT ADDED ENTRY--TOPICAL TERM
Topical term or geographic name as entry element Constitutional law
Geographic subdivision India
9 (RLIN) 13751
942 ## - ADDED ENTRY ELEMENTS (KOHA)
Source of classification or shelving scheme Dewey Decimal Classification
Koha item type Books
Holdings
Lost status Source of classification or shelving scheme Damaged status Not for loan Collection code Permanent Location Current Location Shelving location Date acquired Source of acquisition Cost, normal purchase price Total Checkouts Full call number Date last seen Copy number Koha item type
  Dewey Decimal Classification     Non-fiction Central Library, University of Rajshahi Central Library, University of Rajshahi   12/05/1975 Sweets Zeitlingers 15.00   342.54 JOC 1966 18/01/2014 C-3 Books
  Dewey Decimal Classification     Non-fiction Central Library, University of Rajshahi Central Library, University of Rajshahi   25/05/1968 sweit & zeitlinger 15.00   342.54 JOC 1966 04/08/2016 C-2 Books